FIFA 22 Future Stars - Statistics

General Stats
  • This quiz has been taken 67 times
    44 since last reset
  • The average score is 16 of 42
Answer Stats
Rating Club Player % Correct
93 Barcelona Pedri
97%
93 Borussia Dortmund Jude Bellingham
91%
92 Bayer Leverkusen Florian Wirtz
69%
92 Juventus Dusan Vlahovic
63%
92 Barcelona Ferran Torres
63%
91 Arsenal Emile Smith Rowe
53%
92 Ajax Ryan Gravenberch
53%
89 Liverpool Ibrahima Konate
50%
85 Lille Sven Botman
47%
90 Monaco Aurelien Tchouameni
44%
87 Benfica Darwin Nunez
41%
89 Sampdoria Mikkel Damsgaard
41%
90 AC Milan Brahim Diaz
38%
90 Wolfsburg Maxence Lacroix
38%
88 Leicester Patson Daka
38%
89 Sporting Lisbon Pedro Porro
38%
86 Arsenal Takehiro Tomiyasu
38%
88 Chelsea Trevoh Chalobah
38%
88 Marseille William Saliba
38%
86 PSV Cody Gakpo
34%
87 Benfica Goncalo Ramos
34%
85 Troyes Issa Kabore
34%
87 Watford Joao Pedro
34%
87 Lyon Maxence Caqueret
34%
86 Southampton Mohammed Salisu
34%
87 Wolves Trincao
34%
87 Fiorentina Arthur Cabral
31%
87 Napoli Eljif Elmas
31%
87 Sassuolo Giacomo Raspadori
31%
89 Valencia Bryan Gil
28%
87 Frankfurt Evan N'Dicka
28%
86 Rangers Ianis Hagi
28%
86 Real Betis Juan Miranda
28%
88 Atletico Madrid Matheus Cunha
28%
89 Crystal Palace Conor Gallagher
25%
88 Tottenham Japhet Tanganga
25%
88 Bayer Leverkusen Jeremie Frimpong
25%
88 Nice Amine Gouiri
22%
87 Greuther Furth Jamie Leweling
22%
86 Roma Roger Ibanez
22%
87 RB Leipzig Tyler Adams
22%
88 Villareal Samuel Chukwueze
16%
No matching quizzes found
Score Distribution
Percent of People with Each Score
Percentile by Number Answered
Your Score History
You have not taken this quiz since the last reset